Objective arithmetic ; (Record no. 102202)

MARC details
000 -LEADER
fixed length control field 00594nam a22002057a 4500
005 - DATE AND TIME OF LATEST TRANSACTION
control field 20170125143625.0
010 ## - LCCN (DPL NO)
LC control number 1617EN ENG-117175
020 ## - INTERNATIONAL STANDARD BOOK NUMBER
Terms of availability 550.00
International Standard Book Number 9788121907415
035 ## - SYSTEM CONTROL NUMBER
System control number EN-100707
037 ## - SOURCE OF ACQUISITION
Stock number dpl
Source of stock number/acquisition K.K.P.
037 ## - SOURCE OF ACQUISITION
Source of stock number/acquisition DBAD/PUB
082 ## - DEWEY DECIMAL CLASSIFICATION NUMBER
Classification number 513
100 ## - MAIN ENTRY--PERSONAL NAME
Personal name Aggarwal, R.S.
245 ## - TITLE STATEMENT
Title Objective arithmetic ;
Statement of responsibility, etc by Aggarwal
Remainder of title ssc and railway exam special /
260 ## - PUBLICATION, DISTRIBUTION, ETC. (IMPRINT)
Place of publication, distribution, etc New Delhi
Name of publisher, distributor, etc S.Chand
Date of publication, distribution, etc 2015
270 ## - ADDRESS
Address 7361.Ram Nagar,
City New Delhi
Postal code 110002
300 ## - PHYSICAL DESCRIPTION
Extent 635 p
Dimensions 26cm(pbk)
942 ## - ADDED ENTRY ELEMENTS (KOHA)
Source of classification or shelving scheme Dewey Decimal Classification
Item type English Books
Classification part 513
Holdings
Withdrawn status Lost status Not for loan Collection code Home library Current library Date acquired Source of acquisition Cost, normal purchase price Full call number Barcode Copy number Cost, replacement price Koha item type
    Not For Loan Non-fiction D.B.Act.Division D.B.Act.Division 25/01/2017 DBAD/PUB 550.00 513 EN-100707 1 550.00 English Books

© Delhi Public Library
Hit Counter
free hit counter